Statistics for Name that Animatronic

Click here to take the quiz!

General Stats

  • This quiz has been taken 77 times
  • The average score is 11 of 15

Answer Stats

HintAnswer% Correct
_______ the BunnyBonnie
100%
______ the ChickenChica
100%
_______ FazbearFreddy
100%
____ the FoxFoxy
98%
________ BoyBalloon
91%
Same type of animal as Foxy, but femaleMangle
89%
_______ FreddyFuntime
74%
_______ FoxyFuntime
74%
Animatronic that looks like a ballerinaBallora
72%
Miniature form of Bonnie the BunnyBon-Bon
68%
A twisted rabbit that is the same gender as BonnieSpringtrap
62%
Animatronic that looks like a twisted clownEnnard
60%
______ FreddyGolden
53%
______ FreddyShadow
34%
_____ BabyClown
4%

Score Distribution

Percentile by Number Answered

Percent of People with Each Score

Your Score History

You have not taken this quiz